Statistika, verojatnost', ekonomika

Enregistré dans:
Détails bibliographiques
Format: Livre
Langue:russe
Publié: Moskva Nauka 1985
Tags: Ajouter un tag
Pas de tags, Soyez le premier à ajouter un tag!

MARC

LEADER 00000nam a2200000 4500
001 c110713
005 20230116075221.8
041 0 |a rus 
044 |a RU 
245 1 0 |a Statistika, verojatnost', ekonomika 
264 1 |a Moskva  |b Nauka  |c 1985 
300 |a 295 s.